|
|
|
|
| LEADER |
00000nam0a2200000 4500 |
| 001 |
50608 |
| 005 |
20231101211246.0 |
| 010 |
|
|
|a 522900021X
|
| 035 |
|
|
|a (RuTPU)RU\TPU\book\52988
|
| 090 |
|
|
|a 50608
|
| 100 |
|
|
|a 20030417d1988 km y0rusy50 ca
|
| 101 |
0 |
|
|a rus
|
| 102 |
|
|
|a RU
|
| 105 |
|
|
|a a g 001zy
|
| 200 |
1 |
|
|a Изготовление и ремонт объектов котлонадзора
|e Справочник
|f П. А. Антикайн, А. К. Зыков, Б. В. Зверьков
|g Под ред. А. А. Тихомирова
|
| 210 |
|
|
|a Москва
|c Металлургия
|d 1988
|
| 215 |
|
|
|a 624 с.
|c ил.
|
| 320 |
|
|
|a Библиогр.: с. 624
|
| 606 |
|
|
|a Паровые котлы
|2 stltpush
|3 (RuTPU)RU\TPU\subj\71412
|9 85333
|
| 606 |
|
|
|a Трубопроводы
|x Реконструкция
|x Ремонт
|2 stltpush
|3 (RuTPU)RU\TPU\subj\70030
|9 84593
|
| 606 |
|
|
|a Сосуды работающие под давлением
|x Производство
|2 stltpush
|3 (RuTPU)RU\TPU\subj\55591
|9 73600
|
| 610 |
1 |
|
|a объекты котлонадзора
|
| 610 |
1 |
|
|a изготовление
|
| 610 |
1 |
|
|a ремонт
|
| 610 |
1 |
|
|a правила
|
| 610 |
1 |
|
|a нормативно-технические документы
|
| 610 |
1 |
|
|a контроль
|
| 610 |
1 |
|
|a качество
|
| 610 |
1 |
|
|a справочники
|
| 675 |
|
|
|a 621.181(035)
|v 3
|
| 675 |
|
|
|a 621.643(035)
|v 3
|
| 675 |
|
|
|a 621.772.4(035)
|v 3
|
| 700 |
|
1 |
|a Антикайн
|b П. А.
|g Петр Андреевич
|
| 701 |
|
1 |
|a Зыков
|b А. К.
|g Александр Константинович
|
| 701 |
|
1 |
|a Зверьков
|b Б. В.
|g Борис Васильевич
|
| 702 |
|
1 |
|a Тихомиров
|b А. А.
|4 340
|
| 801 |
|
1 |
|a RU
|b 63413507
|c 20030417
|g PSBO
|
| 801 |
|
2 |
|a RU
|b 63413507
|c 20171109
|g PSBO
|
| 942 |
|
|
|c BK
|